00567nam a2200181 a 45000010010000000030011000100080041000210350026000620820014000881000020001022450027001222600047001496500019001969420012002159520106002279980037003339990015003700000-9242ELIB.Books110520 1943  a(ELIB.Books)0000-9394 a248 bSma aSmart, James D. aWhat a man can Believe bPhiladelphia; The Westminster Press c1943 aChristian Life 2ddccBK 00102ddc4070aKBTSbKBTSd2011-05-20l0p53, 14602, 14601, 38r2022-01-22 00:00:00w2022-01-22yBK cbate2011-05-20mcatu2019-05-28 c9242d9242